000 00445nam a2200181Ia 4500
001 11592
005 20260306162839.0
008 260306t2011||||xx |||||||||||||| ||spa||
041 _aESP
082 _a985.4
_bL65B
100 _aLinares Málaga, Eloy
_eAUT
245 0 _aMemorias del arqueólogo Eloy Linares Málaga
260 _c2011
300 _a285 páginas :
_c22 cm.
650 _aGEN
654 _aCHU
942 _cLIB
_dJUS
_fJUS
_2ddc
_n
999 _c11592
_d11592